000 00361nam a2200145Ia 4500
008 240624s9999 xx 000 0 und d
041 _aeng
082 _a658.15 CHA
100 _aCHANDRA PRASANNA
245 _aFINANCIAL MANAGEMENT
250 _a(9th ed.)
260 _c2015
_aNew Delhi
_bTata McGraw-Hill
300 _a1070 : p. : cm. ; 28
365 _cRS
_b33
999 _c26270
_d26270